000 01010nas a2200301 4500
005 20230614153911.0
008 050106c19819999my ar0p 0 a0may d
022 _a0377-7529
040 _aPPAK
_beng
_cPPAK
_erda
082 0 4 _223
_a959.505
090 0 0 _a959.505
_bMAL
_dKMI
090 2 0 _a959.505
_bMAL
_dKWS
245 0 0 _aMALAYSIA DARI SEGI SEJARAH /
246 3 1 _aMalaysia dari segi sejarah :
_bJurnal Persatuan Sejarah Malaysia
264 1 _aKuala Lumpur :
_bPersatuan Sejarah Malaysia,
_c1981
300 _avi, 172 pages :
_billustrations ;
_c25 cm.
310 _aAnnual
336 _2rdacontent
_atext
337 _2rdamedia
_aunmediated
338 _2rdacarrier
_avolume
500 _aDescription based on No. 10 (1983)
500 _aDescription based on No. 12 (1983)
651 _aMalaysia
_vHistory
_xPeriodicals
710 2 _aPersatuan Sejarah Malaysia
850 _aPPAK KDN 0121/81 NOMBOR 10 1981
850 _aPPAK KDN 0121/81 NOMBOR 12 1981
942 _2ddc
_cSR
999 _c188822
_d188822